000 00414nam a2200157Ia 4500
008 240729s9999 xx 000 0 und d
245 0 _aAgricultura
260 _aRomania
260 _bAcademicPres
650 _a Agriculture (General) | Agriculture
650 _a Plant culture
650 _aAgriculture
856 _uhttps://doaj.org/toc/389c1d283d53479b8ec7db90a15b9293
942 _2ddc
942 _cDOAJEJ
999 _c71041
_d71041
945 _a1
_bMadushi Gamage
_c1
_dMadushi Gamage